Большой Глоссарий терминов международного туризма

Podrobná bibliografie
Korporace: Национальная Академия туризма Комитет по туризму, Балтийский международный институт туризма
Další autoři: Биржаков М. Б. Михаил Борисович (редактор), Никифоров В. И. Валерий Иванович
Shrnutí:К 35-летию Балтийского международного института туризма
Глоссарий представляет собой предметный англо-русский словарь с расширенным толкованием терминов международного туризма на русском языке и научно-методические материалы по международному туризму. По предметной принадлежности термины сгруппированы на XIX частей и укрупненных тематических разделов. Издание предназначено для профессиональных работников турагентств, туроператоров и туристско-экскурсионных бюро, гостиниц и ресторанов, перевозчиков и аттракции, производителей туристского снаряжения, а также для работников смежных с туризмом отраслей и системы профессионального туристского образования. Рекомендовано Национальной Академией туризма преподавателям и студентам системы туристского образования в качестве учебно-методического пособия. Отдельные главы Глоссария опубликованы в 1994-2005 гг. в журнале «Туристские Фирмы», вып. 6-35 (Санкт-Петербург, издательства «ОЛБИС» и «Невский Фонд»). Глоссарий также выпускается в виде электронного издания на CD-диске и поставляется только по заказу. Официальный сайт Глоссария <http://www.travelglossary.ru>. Первое издание книги Большой Глоссарий терминов международного туризма выпущено в 2002 г., второе (в двух томах) — в 2003 г.
Jazyk:angličtina
ruština
Vydáno: СПб., Невский Фонд, 2006
Vydání:3-е изд., доп. и перераб.
Témata:
Médium: MixedMaterials Kniha
KOHA link:https://koha.lib.tpu.ru/cgi-bin/koha/opac-detail.pl?biblionumber=102187

MARC

LEADER 00000nam0a2200000 4500
001 102187
005 20231101214419.0
010 |a 5941250509 
035 |a (RuTPU)RU\TPU\book\110189 
035 |a RU\TPU\book\44104 
090 |a 102187 
100 |a 20060920d2006 km y0rusy50 ca 
101 0 |a eng  |a rus 
102 |a RU 
105 |a a e 011zy 
200 1 |a Большой Глоссарий терминов международного туризма  |d The Great Glossary of Terms for the International Tourism  |f Национальная Академия туризма, Комитет по туризму; Балтийский международный институт туризма; под ред.: М. Б. Биржакова, В. И. Никифорова 
205 |a 3-е изд., доп. и перераб. 
210 |a СПб.  |c Невский Фонд  |a Москва  |c Герда  |d 2006 
215 |a 936 с. 
300 |a К 35-летию Балтийского международного института туризма 
320 |a Библиография: с. 679-698. 
320 |a Алфавитный указатель терминов: с. 908-936. 
330 |a Глоссарий представляет собой предметный англо-русский словарь с расширенным толкованием терминов международного туризма на русском языке и научно-методические материалы по международному туризму. По предметной принадлежности термины сгруппированы на XIX частей и укрупненных тематических разделов. Издание предназначено для профессиональных работников турагентств, туроператоров и туристско-экскурсионных бюро, гостиниц и ресторанов, перевозчиков и аттракции, производителей туристского снаряжения, а также для работников смежных с туризмом отраслей и системы профессионального туристского образования. Рекомендовано Национальной Академией туризма преподавателям и студентам системы туристского образования в качестве учебно-методического пособия. Отдельные главы Глоссария опубликованы в 1994-2005 гг. в журнале «Туристские Фирмы», вып. 6-35 (Санкт-Петербург, издательства «ОЛБИС» и «Невский Фонд»). Глоссарий также выпускается в виде электронного издания на CD-диске и поставляется только по заказу. Официальный сайт Глоссария <http://www.travelglossary.ru>. Первое издание книги Большой Глоссарий терминов международного туризма выпущено в 2002 г., второе (в двух томах) — в 2003 г. 
451 1 |0 (RuTPU)RU\TPU\book\44104  |y 5-94125-050-9  |t Большой Глоссарий терминов международного туризма  |l The Great Glossary of Terms for the International Tourism  |f Под ред. М. Б. Биржакова, В. И. Никифорова  |c СПб.  |n Невский Фонд  |c М.  |n Герда  |d 2002  |p 704 с. 
606 1 |a Туризм  |x Экономика  |2 stltpush  |3 (RuTPU)RU\TPU\subj\53770  |9 71935 
610 1 |a экономика 
610 1 |a туризм 
610 1 |a международный туризм 
610 1 |a термины 
610 1 |a справочники 
610 1 |a лексика 
610 1 |a курорты 
610 1 |a экскурсионное дело 
610 1 |a словари 
610 1 |a терминологические словари 
610 1 |a глоссарии 
610 1 |a английский язык 
610 1 |a русский язык 
610 1 |a англо-русские словари 
610 1 |a предметные словари 
686 |a У9(2)43я2  |v LBC/SL-A  |2 rubbk 
702 1 |a Биржаков  |b М. Б.  |g Михаил Борисович  |4 340 
702 1 |a Никифоров  |b В. И.  |g Валерий Иванович  |4 340 
712 0 2 |a Национальная Академия туризма  |b Комитет по туризму  |2 stltpush  |3 (RuTPU)RU\TPU\col\457 
712 0 2 |a Балтийский международный институт туризма  |2 stltpush  |3 (RuTPU)RU\TPU\col\9262  |9 24668 
801 1 |a RU  |b 63413507  |c 20020917  |g PSBO 
801 2 |a RU  |b 63413507  |c 20140116  |g PSBO 
900 |a Медицинские основы туризма 
900 |a Менеджмент в социально-культурном сервисе и туризме 
900 |a Безопасность жизнедеятельности. Обеспечение безопасности в туризме 
942 |c BK